Juventud y drogas

Sábháilte in:
Sonraí bibleagrafaíochta
Údar corparáideach: Secretaría Nacional de la Juventud (Údar)
Formáid: LEABHAR
Teanga:Spáinnis
Foilsithe / Cruthaithe: Santiago Secretaría Nacional de la Juventud 1974
Ábhair:
Clibeanna: Cuir clib leis
Níl clibeanna ann, Bí ar an gcéad duine le clib a chur leis an taifead seo!

MARC

LEADER 00000nam a2200000 a 4500
001 UCZ5601
003 CL-VaPUC
005 20241025152714.0
008 951124e19740000cl 1 spa d
082 0 4 |a 362.29  |b SEC  |2 21 
110 2 |a Secretaría Nacional de la Juventud  |e author  |9 617431 
245 1 0 |a Juventud y drogas 
260 |a Santiago  |b Secretaría Nacional de la Juventud  |c 1974 
300 |a 327 p 
583 |a last modification  |c 19951124 00:00:00  |k Rodrigo Vera 
650 0 7 |a TOXICOMANIA  |2 CL-VaPUC  |9 307600 
650 0 7 |a ESTUPEFACIENTES  |2 CL-VaPUC  |9 328329 
650 0 0 |a Problemas sociales  |9 258537 
650 0 7 |a LUCHA CONTRA LA TOXICOMANIA  |2 CL-VaPUC  |9 338794 
650 0 0 |a Rehabilitación  |9 307382 
650 0 7 |a JUV  |9 606541ENTUD  |2 CL-VaPUC 
651 7 |a CHILE  |2 CL-VaPUC  |9 617432 
942 |c BK 
945 |a cmena  |d 19951124 00:00:00 
546 |a En Español 
518 |p Jornada de Estudio acerca de Drogas y Juventud, 1, Santiago, 8 al 10 de Agosto de 1974 
999 |c 382464  |d 382462 
952 |0 0  |1 0  |4 0  |6 362_290000000000000_SEC_1974  |7 0  |8 P  |9 504178  |a BIBEDU  |b BIBEDU  |c BIBEDU_PB  |d 2020-01-23  |i 1578480  |o 362.29 SEC 1974  |p 1578480  |r 2024-01-25  |w 2020-01-23  |y BK  |k FIL